000 00863nam a22002897a 4500
003 CHAP
005 20220329134325.0
008 971013s1978 r 00010 d
010 _a18757
011 _a19729
035 _a23814
040 _cCHAP
082 _a591.51
_bD4
100 0 0 _aDewsbury, Donald A.
_932347
245 _aComparative animal behavior
260 _aNew York :
_bMcGraw-Hill,
_c1978
300 _a452 p.
_b: ilus.
590 _aBATCH-UPD
_b10
_c20130110
_lUCH01
_h2046
590 _aBATCH-UPD
_b10
_c20130410
_lUCH01
_h1400
590 _aBATCH-UPD
_b10
_c20130914
_lUCH01
_h1218
590 _aCONVERSION
_b10
_c20130109
_lUCH01
_h1311
650 1 4 _aAnimales
_xHabitos y conducta.
_95865
650 1 4 _aPsicologĂ­a comparada.
_992608
901 _aBK
942 _cLIBRO
949 _a591.51 D4
_bBC
_cLIBRO
_d33724000374617
_eLIBRO
_h46672
_i23814
_si
999 _c18757
_d18757